000 00314nam a2200145Ia 4500
100 _aBhave./ Patekar
942 _cBK
654 _aProgramming
245 _aComputer Programming 1 in Unix and C
260 _bNandu Pub
_c2002
082 _a5.133
_bBHA/PAT
300 _a346
546 _aENGLISH
999 _c22163
_d22163